Paying for college : innovative private-sector proposals to complement record federal investment in student aid : hearing before the Subcommittee on 21st Century Competitiveness of the Committee on Education and the Workforce, U.S. House of Representatives, One Hundred Ninth Congress, second session, May 23, 2006.

Bibliographic Details
Corporate Author: United States. Congress. House. Committee on Education and the Workforce. Subcommittee on 21st Century Competitiveness
Format: Government Document Book
Language:English
Subjects:
Online Access:https://purl.fdlp.gov/GPO/LPS76864

MARC

Tag First Indicator Second Indicator Subfields
LEADER 00000cam a2200000 a 4500
001 in00002201213
008 061212s2006 dcua f000 0 eng c
005 20230331202523.6
010 |a  2006470463 
035 |a (OCoLC)ocm76944168  
035 |a (OCoLC)ocm76944168  
040 |a GPO  |b eng  |c GPO  |d DLC  |d OHO  |d BTCTA  |d OCLCF  |d OCLCO  |d OCLCQ  |d OCLCO  |d LWA  |d UOK  |d INT  |d OCLCQ  |d UMK  |d OCLCQ  |d FUG  |d OCLCQ  |d OCLCO  |d OCLCQ 
019 |a 1034899514  |a 1083403445  |a 1109149114  |a 1201615001 
020 |a 0160776244 
020 |a 9780160776243 
035 |a (OCoLC)76944168  |z (OCoLC)1034899514  |z (OCoLC)1083403445  |z (OCoLC)1109149114  |z (OCoLC)1201615001 
037 |a 552-070-35142-6  |b GPO 
042 |a pcc 
043 |a n-us--- 
050 0 0 |a KF27  |b .E315 2006 
074 |a 1015-A 
074 |a 1015-A (online) 
074 |a 1015-B (MF) 
074 |a 1015-B (online) 
086 0 |a Y 4.ED 8/1:109-42 
088 |a Serial no. 109-42 (United States. Congress. House. Committee on Education and the Workforce) 
049 |a TXAM 
110 1 |a United States.  |b Congress.  |b House.  |b Committee on Education and the Workforce.  |b Subcommittee on 21st Century Competitiveness. 
245 1 0 |a Paying for college :  |b innovative private-sector proposals to complement record federal investment in student aid : hearing before the Subcommittee on 21st Century Competitiveness of the Committee on Education and the Workforce, U.S. House of Representatives, One Hundred Ninth Congress, second session, May 23, 2006. 
246 3 0 |a Innovative private-sector proposals to complement record federal investment in student aid 
264 2 |a Washington, D.C. :  |b United States Government Printing Office :  |b For sale by the Superintendent of Documents, United States Government Printing Office, Congressional Sales Office,  |c 2006. 
300 |a iii, 51 pages :  |b illustrations ;  |c 24 cm 
336 |a text  |b txt  |2 rdacontent 
337 |a unmediated  |b n  |2 rdamedia 
338 |a volume  |b nc  |2 rdacarrier 
500 |a "Printed for the use of the Committee on Education and the Workforce." 
500 |a Shipping list no.: 2007-0078-P. 
500 |a Distributed to some depository libraries in microfiche. 
500 |a "Serial no. 109-42." 
530 |a Also available via Internet from the GPO Access web site. Address as of 12/11/06: http://frwebgate.access.gpo.gov/cgi-bin/getdoc.cgi?dbname=109%5Fhouse%5Fhearings&docid=f:27986.pdf; current access is available via PURL. 
650 0 |a Education, Higher  |z United States  |x Finance. 
650 0 |a Federal aid to higher education  |z United States. 
650 6 |a Aide de l'État à l'enseignement supérieur  |0 (CaQQLa)201-0009867  |z États-Unis.  |0 (CaQQLa)201-0407727 
650 7 |a Education, Higher  |x Finance.  |2 fast  |0 (OCoLC)fst00903056 
650 7 |a Federal aid to higher education.  |2 fast  |0 (OCoLC)fst00922204 
651 7 |a United States.  |2 fast  |0 (OCoLC)fst01204155 
655 0 |a Government publications 
776 0 8 |i Online version:  |a United States. Congress. House. Committee on Education and the Workforce. Subcommittee on 21st Century Competitiveness.  |t Paying for college.  |d Washington : U.S.G.P.O. : For sale by the Supt. of Docs., U.S.G.P.O., 2006  |w (OCoLC)647570757 
856 4 1 |u https://purl.fdlp.gov/GPO/LPS76864  |7 0  |t 0 
994 |a C0  |b TXA 
999 f f |s b93e7a94-9afb-4a37-8b11-427c2c37ef28  |i e00f9613-ab93-31a0-9661-ac3b00ddfe72  |t 0 
952 f f |a Texas A&M University  |b College Station  |c Electronic Resources  |d Available Online  |t 0  |e Y 4.ED 8/1:109-42  |h Superintendent of Documents classification 
998 f f |a Y 4.ED 8/1:109-42  |t 0  |l Available Online